000 00676nam a2200193 a 4500
008 120416s1986 ||||||||||||||||| || u
020 _a090219741X
050 _aKD 260 Lin
100 _aLintott, David
245 1 0 _aHandbook of company secretarial practice
260 _aCambridge
_bICSA
_c1986
300 _axvi, 320p.
350 _a0.00
500 _aIncludes index.
650 _aLAW
650 _aCORPORATION LAW--GREAT BRITAIN
650 _aCORPORATION SECRETARIES--GREAT BRITAIN--HANDBOOKS, MANUALS, ETC
995 _D0.00
_FCBU-MAIN LIBRARY (Kitwe)
_H1
_I13.95
_M1
_UAVAILABLE
_ZAnnex Low-Usage Collection
999 _c45254
_d45254